| 000 | 00442nam a2200157Ia 4500 | ||
|---|---|---|---|
| 008 | 210716s2001 xx 000 0 und d | ||
| 020 | _a8178530333 | ||
| 041 | _aeng | ||
| 082 | _a004.6001 EDDG | ||
| 100 | _aEddon, Guy; Eddon, Henry. | ||
| 245 |
_aInside com+: base services. _bBase services. |
||
| 250 | _a1 | ||
| 260 |
_aNew Delhi _bWP Publishers & Distributors (P) Ltd _c2001 |
||
| 300 | _axvi,660 | ||
| 650 | _aWeb Design & Development | ||
| 999 |
_c184724 _d184724 |
||